| 000 | 00854nam a2200229 i 4500 | ||
|---|---|---|---|
| 001 | bg | ||
| 100 | 1 | _aCOMBES, Claude | |
| 245 | 1 | 0 |
_aEkologia i ewolucja pasożytnictwa : _bdługotrwałe wzajemne oddziaływania / _cClaude Combes ; przekł. z fr. Teresa Pojmańska, Bożena Grabda-Kazubska. |
| 246 |
_iTyt. oryg.: _aInteractions durables : ecologie et évolution du parasitisme |
||
| 260 |
_aWarszawa : _bWydaw. Naukowe PWN, _c1999. |
||
| 300 |
_a628 s. : _bil., mapy ; _c25 cm. |
||
| 500 | _aTyt. oryg. : "Interactions durables : ecologie et évolution du parasitisme" 1995. | ||
| 650 | 9 |
_aPasożyty _xewolucja |
|
| 650 | 9 |
_aPasożyty _xekologia |
|
| 020 | _a8301128828 | ||
| 040 | _cBPK | ||
| 041 | 1 |
_apl _hfr |
|
| 080 | _a576.88/.89::575.8:576.88/.89-15 | ||
| 920 | _a83-01-12882-8 | ||
| 942 | _cKS | ||
| 008 | s pl f |000 0 pol | ||
| 999 |
_c36360 _d36360 |
||
| 856 |
_uhttp://koha.tu.koszalin.pl/cgi-bin/koha/opac-detail.pl?biblionumber=36360 _yKatalog online BPK |
||